[Event "Hradec Kralove op"]
[Site "Hradec Kralove"]
[Date "2012.05.15"]
[Round "5"]
[White "Kosar, Matej"]
[Black "Rojikova, Lenka"]
[Result "0-1"]
[WhiteElo "1698"]
[BlackElo "1814"]
[PlyCount "48"]
[EventDate "2012.05.12"]
[EventType "swiss"]
[EventRounds "9"]
[EventCountry "CZE"]
[SourceTitle "CBM 148 Extra"]
[Source "ChessBase"]
[SourceDate "2012.06.22"]
[SourceVersion "1"]
[SourceVersionDate "2012.06.22"]
[SourceQuality "1"]

1. e4 c5 2. Nf3 d6 3. c3 Qc7 4. Bb5+ Bd7 5. Bxd7+ Nxd7 6. d4 g6 7. 0-0 Bg7 8. Be3 Ngf6 9. Nbd2 0-0 10. Re1 e5 11. dxe5 dxe5 12. Qc2 c4 13. Qa4 Rfc8 14. Red1 Nb6 15. Qb5 Ng4 16. Bxb6 axb6 17. b4 cxb3 18. Qxb3 Qxc3 19. Qxb6 Bf8 20. Nb3 Qc2 21. h3 Ra6 22. Qxb7 Rxa2 23. Ne1 Qxf2+ 24. Kh1 Qf1# 0-1